2024 Nachrichten - Nenne das Land - Statistiken

Allgemein
  • Dieses Quiz wurde 8.512 mal gespielt
  • Das Durchschnittsergebnis liegt bei 8 aus 16
Antwortstatistiken
Beschreibung Land % Korrekt
Ein wichtiger politischer Kandidat wird fast ermordet, entkommt jedoch mit leichten Verletzungen am Ohr Vereinigte Staaten
88%
Ausrichter der Olympischen Sommerspiele Frankreich
84%
Der Präsident Yoon Suk Yeol verhängt das Kriegsrecht, doch es dauert nur sechs Stunden Südkorea
80%
Führt eine neue Flagge ein, nachdem das Regime von Baschar al-Assad gestürzt wurde Syrien
78%
Beginnt mit dem Bau einer neuen Mega-Stadt namens "The Line" Saudi-Arabien
72%
Unterzeichnet einen Verteidigungspakt mit Russland und soll Truppen entsandt haben, um in der Ukraine zu kämpfen Nordkorea
70%
Keir Starmer wird als Premierminister gewählt Vereinigtes Königreich
70%
Tritt der NATO bei Schweden
67%
Hamas-Führer Ismail Haniyeh wird ermordet Iran
46%
Hunderte von Menschen werden getötet oder verletzt, als ihre Pager in ihren Taschen explodieren Libanon
46%
Es scheitert, seine Hauptstadt wie ursprünglich geplant nach Nusantara zu verlegen Indonesien
34%
Claudia Sheinbaum wird Präsidentin – sie ist sowohl die erste Frau als auch die erste jüdische Person in diesem Amt Mexiko
23%
Der Aktienmarkt kehrt endlich auf das Niveau von 1989 zurück – eine Spanne von 35 Jahren ohne Gewinn Japan
17%
Nayib Bukele wird mit 80 % der Stimmen wiedergewählt El Salvador
13%
Die Bevölkerung steigt auf über 41 Millionen, von denen vielleicht 30 % in einem anderen Land geboren wurden Kanada
9%
Führt eine neue Währung namens „Gold“ ein Simbabwe
4%
Keine übereinstimmenden Quizze gefunden
Verteilung der Resultate
Anzahl Personen mit jedem Resultat
Perzentil nach korrekt beantworteten Fragen
Ihre Resultats-Entwicklung
Sie haben dieses Quiz noch nicht gespielt